000 00792nmc a2200301 a 4500
003 AR-BaBNM
005 20251128211611.0
008 164120s2000 ||||||||||||||000 | spa||
020 _a950-739-931-3
040 _cAR-BaBNM
100 1 _aMantini, Ada
245 1 0 _aIsadora Duncan para jóvenes principiantes
260 _aBuenos Aires
_bErrepar
_c2000
300 _a96 p.
_bil.
490 0 _aPara jóvenes principiantes
_vv. 14
650 4 _aBIOGRAFIAS
650 4 _aLITERATURA INFANTIL
650 4 _aDANZA TEATRAL
650 4 _aBAILARINES
650 4 _aARTISTAS
650 4 _aCREACION ARTISTICA
653 _aHISTORIETAS
655 _aBIOGRAFIAS
700 1 _aMartín, Silvia
_eilustrador
800 1 _aKreimer, Juan Carlos
_edirector
942 _cBK
998 _cEugenia
999 _c20374
_d20374